<?xml version="1.0" encoding="UTF-8"?>
<collection xmlns="http://www.loc.gov/MARC21/slim">
 <record>
  <leader>01289nam a2200337 a 4500</leader>
  <controlfield tag="001">403</controlfield>
  <controlfield tag="003">BD-DhAAL</controlfield>
  <controlfield tag="005">20150217093637.0</controlfield>
  <controlfield tag="008">150217s1995    cau      b    001 0 eng  </controlfield>
  <datafield tag="010" ind1=" " ind2=" ">
   <subfield code="a">   94036220 </subfield>
  </datafield>
  <datafield tag="020" ind1=" " ind2=" ">
   <subfield code="a">0803957858</subfield>
  </datafield>
  <datafield tag="020" ind1=" " ind2=" ">
   <subfield code="a">0803957866 (pbk.)</subfield>
  </datafield>
  <datafield tag="040" ind1=" " ind2=" ">
   <subfield code="a">DLC</subfield>
   <subfield code="c">DLC</subfield>
   <subfield code="d">DLC</subfield>
   <subfield code="d">BD-DhAAL</subfield>
  </datafield>
  <datafield tag="050" ind1="0" ind2="0">
   <subfield code="a">DT1756</subfield>
   <subfield code="b">.S38 1995</subfield>
  </datafield>
  <datafield tag="082" ind1="0" ind2="0">
   <subfield code="a">305.8/00968/09049</subfield>
   <subfield code="2">20</subfield>
  </datafield>
  <datafield tag="100" ind1="1" ind2=" ">
   <subfield code="a">Schutte, Gerhard.</subfield>
   <subfield code="9">8509</subfield>
  </datafield>
  <datafield tag="245" ind1="1" ind2="0">
   <subfield code="a">What racists believe :</subfield>
   <subfield code="b">race relations in South Africa and the United States /</subfield>
   <subfield code="c">Gerhard Schutte.</subfield>
  </datafield>
  <datafield tag="260" ind1=" " ind2=" ">
   <subfield code="a">Thousand Oaks, Calif. :</subfield>
   <subfield code="b">Sage Publications,</subfield>
   <subfield code="c">c1995.</subfield>
  </datafield>
  <datafield tag="300" ind1=" " ind2=" ">
   <subfield code="a">xiii, 381 p. ;</subfield>
   <subfield code="c">23 cm.</subfield>
  </datafield>
  <datafield tag="490" ind1=" " ind2=" ">
   <subfield code="a">Sage series on race and ethnic relations ;</subfield>
   <subfield code="v">v. 8</subfield>
  </datafield>
  <datafield tag="504" ind1=" " ind2=" ">
   <subfield code="a">Includes bibliographical references (p. 362-368) and index.</subfield>
  </datafield>
  <datafield tag="541" ind1=" " ind2=" ">
   <subfield code="e">403</subfield>
  </datafield>
  <datafield tag="650" ind1=" " ind2="0">
   <subfield code="a">Racism</subfield>
   <subfield code="z">South Africa.</subfield>
   <subfield code="9">8510</subfield>
  </datafield>
  <datafield tag="650" ind1=" " ind2="0">
   <subfield code="a">Racism</subfield>
   <subfield code="z">United States.</subfield>
   <subfield code="9">8511</subfield>
  </datafield>
  <datafield tag="650" ind1=" " ind2="0">
   <subfield code="a">Whites</subfield>
   <subfield code="z">South Africa.</subfield>
   <subfield code="9">8512</subfield>
  </datafield>
  <datafield tag="650" ind1=" " ind2="0">
   <subfield code="a">Whites</subfield>
   <subfield code="z">United States.</subfield>
   <subfield code="9">8513</subfield>
  </datafield>
  <datafield tag="651" ind1=" " ind2="0">
   <subfield code="a">South Africa</subfield>
   <subfield code="x">Race relations.</subfield>
   <subfield code="9">8514</subfield>
  </datafield>
  <datafield tag="651" ind1=" " ind2="0">
   <subfield code="a">United States</subfield>
   <subfield code="x">Race relations.</subfield>
   <subfield code="9">8006</subfield>
  </datafield>
  <datafield tag="942" ind1=" " ind2=" ">
   <subfield code="2">ddc</subfield>
   <subfield code="c">BK</subfield>
  </datafield>
  <datafield tag="999" ind1=" " ind2=" ">
   <subfield code="c">33721</subfield>
   <subfield code="d">33721</subfield>
  </datafield>
  <datafield tag="952" ind1=" " ind2=" ">
   <subfield code="0">0</subfield>
   <subfield code="1">0</subfield>
   <subfield code="2">ddc</subfield>
   <subfield code="4">0</subfield>
   <subfield code="6">305_800968090490000_SCH</subfield>
   <subfield code="7">0</subfield>
   <subfield code="9">52662</subfield>
   <subfield code="a">SCL</subfield>
   <subfield code="b">SCL</subfield>
   <subfield code="c">GEN</subfield>
   <subfield code="d">2015-02-17</subfield>
   <subfield code="e">Gift: The Asia Foundation</subfield>
   <subfield code="l">0</subfield>
   <subfield code="o">305.80096809049 SCH</subfield>
   <subfield code="p">3020000403</subfield>
   <subfield code="r">2015-02-17</subfield>
   <subfield code="t">1</subfield>
   <subfield code="w">2015-02-17</subfield>
   <subfield code="y">BK</subfield>
  </datafield>
 </record>
</collection>
